LEADER 02129nam1-2200517---450- 001 990002452490203316 005 20070927100009.0 035 $a000245249 035 $aUSA01000245249 035 $a(ALEPH)000245249USA01 035 $a000245249 100 $a20050719g19939999km-y0itay0103----ba 101 $ager 102 $aDE 105 $a||||||||001yy 200 1 $aGrosse Richard Beer-Hofmann Ausgabe$ein sechs Bänden$fherausgegeben von Günter Helmes, Michael M. Schardt und Andreas Thomasberger 210 $aPaderborn$cIgel Verlag Literatur$d1993-2002 215 $a8 v.$d22 cm 300 $aNei vv. 1, 7 e 8 il luogo di pubblicazione associato all'editore Igel-Verlag Literatur è Oldenburg 410 0$12001 454 1$12001 461 1$1001-------$12001 463 \1$1001990002452500203316$12001 $a<<1.>> : Schlaflied für Mirjam$eLyrik, Prosa, Pantomime und andere verstreute Texte 463 \1$1001990002452520203316$12001 $a<<2.>> : Novellen 463 \1$1001990002452550203316$12001 $a<<3.>> : <> Tod Georgs 463 \1$1001990002452570203316$12001 $a<<4.>> : <> Graf von Charolais$eein Trauerspiel und andere dramatische Entwürfe 463 \1$1001990002452610203316$12001 $a<<5.>> : <> Historie von König David$eund andere dramatische Entwürfe 463 \1$1001990002452630203316$12001 $a<<6.>> : Paula$eein Fragment 463 \1$1001990002452640203316$12001 $a<<7.>> : Briefe$e1895-1945 463 \1$1001990002452660203316$12001 $a<<8.>> : <> Briefwechsel mit Paula$e1896-1937 676 $a833.8 700 1$aBEER-HOFMANN,$bRichard$0154900 701 1$aHELMES,$bGünter$0573552 702 1$aSCHARDT,$bMichael M. 702 1$aTHOMASBERGER,$bAndreas 801 0$aIT$bsalbc$gISBD 912 $a990002452490203316 951 $aII.3.A.7$bDSLL 959 $aBK 969 $aDSLL 979 $aDSLL1$b90$c20050719$lUSA01$h1213 979 $aDSLL1$b90$c20050719$lUSA01$h1224 979 $aDSLL1$b90$c20050719$lUSA01$h1315 979 $aDSLL1$b90$c20070927$lUSA01$h1000 996 $aGrosse Richard Beer-Hofmann Ausgabe$91058155 997 $aUNISA LEADER 03696nam 2200697 450 001 996398645503316 005 20220425134238.0 010 $a3-8394-4251-6 024 7 $a10.14361/9783839442517 035 $a(CKB)4340000000264639 035 $a(MiAaPQ)EBC5346104 035 $a(DE-B1597)492818 035 $a(OCoLC)1031967482 035 $a(DE-B1597)9783839442517 035 $a(MiAaPQ)EBC6695134 035 $a(Au-PeEL)EBL6695134 035 $a(ScCtBLL)2f8d6142-e90e-431b-8957-a8683c985bda 035 $a(transcript Verlag)9783839442517 035 $a(EXLCZ)994340000000264639 100 $a20220425d2018 uy 0 101 0 $aeng 135 $aurcnu|||||||| 181 $ctxt$2rdacontent 182 $cc$2rdamedia 183 $acr$2rdacarrier 200 10$aMigration and (im)mobility $ebiographical experiences of Polish migrants in Germany and Canada /$fAnna Xymena Wieczorek 205 $a1st ed. 210 1$aBielefeld, Germany :$cTranscript,$d[2018] 210 4$d©2018 215 $a1 online resource (320 pages) $cillustrations 225 0 $aKultur und soziale Praxis 311 $a3-8376-4251-8 320 $aIncludes bibliographical references. 327 $aFrontmatter 1 Contents 5 List of Tables, Figures, and Abbreviations 9 Acknowledgements 11 Introduction: How We Think of Migration and Mobility 13 1 From "Classical" and "New" Approaches in Migration Studies to the "Mobilities Perspective" on Migration 27 2 (Im)Mobile Individuals: Studying Their Biographies 67 Excursus on the Country of Origin: Poland 89 3 Immobility: The Immobile Pattern of Mobility 101 4 Transmobility: The Transnational Pattern of Mobility 145 5 Cosmobility: The Cosmopolitan Pattern of Mobility 219 6 Revisiting Migration through the Patterns of (Im)Mobility 261 Conclusion: How to Rethink Migration and Mobility 293 References 297 330 $aIn her endeavour to overcome the established methodological, conceptual, and empirical dualism of mobility and migration, Anna Xymena Wieczorek develops a "mobilities perspective" by combining migration studies theories with approaches of the mobility studies. With the help of rich empirical data gathered among young adults of Polish heritage in Germany and Canada, Wieczorek conceptualizes three patterns of (im)mobility which illustrate the diversity of immigrants' geographical movements after their initial migration. She thus reveals the different social configurations promoting or hindering the development, maintenance or shifting of each pattern in migrants' biographical trajectories. 410 0$aKultur und soziale Praxis. 606 $aForeign workers, Polish$xSocial conditions$zGermany 606 $aForeign workers, Polish$xSocial conditions$zCanada 606 $aPolish people$xSocial conditions$zGerrmany 610 $a(Im)Mobility. 610 $aCanada. 610 $aGermany. 610 $aGlobalization. 610 $aInterculturalism. 610 $aLifestyle. 610 $aPolish Migrants. 610 $aSocial Inequality. 610 $aSociology. 615 0$aForeign workers, Polish$xSocial conditions 615 0$aForeign workers, Polish$xSocial conditions 615 0$aPolish people$xSocial conditions 676 $a303.48243804309041 700 $aWieczorek$b Anna Xymena$f1985-$01222531 712 02$aKnowledge Unlatched - KU Select 2020: Backlist Collection$4fnd$4http://id.loc.gov/vocabulary/relators/fnd 801 0$bMiAaPQ 801 1$bMiAaPQ 801 2$bMiAaPQ 906 $aBOOK 912 $a996398645503316 996 $aMigration and (im)mobility$92835468 997 $aUNISA